000 01042cam a2200301 i 4500
001 65024
003 Mx-PuUPA
005 20250124150033.0
008 040618s2017 orua fr 001 eng|d
020 _a9781604696325
_qempastado
040 _aMx-PuUPA
_dMx-PuUPA
_bspa
_cMx-PuUPA
_erda
041 0 _aeng
100 1 _aHitchmough, James,
_eautor
_910458
245 1 0 _aSowing beauty :
_bdesigning flowering meadows from seed /
_cJames Hitchmough
264 1 _aPortland, Oregon :
_bTimber Press,
_c©2017
300 _a364 páginas :
_bilustraciones ;
_c26 cm
336 _2rdacontent
_atexto
_btxt
337 _2rdamedia
_asin medio
_bn
338 _2rdacarrier
_avolumen
_bnc
650 7 _aArquitectura del paisaje
_2armarc
650 7 _aJardinería
_2armarc
650 7 _aBordes de jardines
_2armarc
650 7 _aJardines botánicos
_2armarc
942 _2ddc
_cLI
_h635.9676
_iH674
999 _c65024
_d65024